000 00622nam a2200229 a 4500
001 BRL_788
005 20190320210910.0
008 071013s1983----sp-ao#####---#000-0#spa-#
020 _a8424122429
041 _aspa
044 _asp
050 4 _aTX716.M4
_b.C43 1983
100 1 _aChapa, Martha
_d1946-
_924950
245 1 0 _aLa cocina mexicana y su arte
_cMartha Chapa ; Con fotografías de Paulina Lavista.
260 _aMadrid
_bEverest
_c1983
300 _a174 p.
_bil.
_c31 cm.
500 _aAu907
650 1 4 _aCocina mexicana
_924951
700 1 _aLavista, Paulina
_eil.
_924952
902 _aGRL
942 _2lcc
_cB
999 _c9600
_d9600